000 00286nam a2200109Ia 4500
008 190912s9999||||xx |||||||||||||| ||und||
100 _a Scambray, Kurtz
245 0 _aHacking Exposed Network Security Secrets And Solutions
260 _aIndia
_bAddison
_c2001
300 _a742
942 _cBK
999 _c7894
_d7894